000 00573nam a22002297a 4500
003 UA-OsUOA
001 40670
007 ta
008 20080614b un ||||| |||| 00| 0 ukr d
100 _aХомичів Я.
090 _a82-94
_bХ76
942 _cBK
040 _aUA-OsUOA
_bukr
_cUA-OsUOA
_dUA-OsUOA
245 _aВ степах України
300 _a347 с.
955 _a3
041 _aukr
080 _a82-94
260 _aБуенос Айрес
_c1958
650 7 _a82 Література. Літературознавство
_2UDC
999 _c439173
_d439173